General Sherman's Indian spy : a singularly thrilling narrative of Wenonah ... scouting from Atlanta through Georgia and South Carolina /

Bibliographic Details
Main Author: Bradshaw, Wesley, 1837-1927
Format: Microform Book
Language:English
Published: Philadelphia : C.W. Alexander, 1865.

MARC

Tag First Indicator Second Indicator Subfields
LEADER 00000cam a2200000 a 4500
001 in00000754021
005 20151016093132.0
007 hd afa014baca
008 800616s1865 ctua a 00011 eng d
035 |a (OCoLC)06427929 
035 |9 ADH7145AM 
040 |a FTU  |c FTU  |d LWS  |d UtOrBLW 
049 |a TXAI 
090 |a PS15 
099 |a film  |a B  |a 1551 
100 1 |a Bradshaw, Wesley,  |d 1837-1927. 
245 1 0 |a General Sherman's Indian spy :  |b a singularly thrilling narrative of Wenonah ... scouting from Atlanta through Georgia and South Carolina /  |c by Wesley Bradshaw. 
264 1 |a Philadelphia :  |b C.W. Alexander,  |c 1865. 
300 |a 94, that is, 64 pages :  |b illustrations 
336 |a text  |b txt  |2 rdacontent 
337 |a microform  |b h  |2 rdamedia 
338 |a microfilm reel  |b hd  |2 rdacarrier 
533 |a Microfilm.  |b Woodbridge, Conn. :  |c Research Publications,  |d 1970-1978.  |e 1 microfilm reel ; 35 mm.  |f (Wright American fiction ; v. 2 (1851-1875), reel A-7, no. 46) 
500 |a Film includes multiple images of some pages. 
500 |a Microform. 
870 1 9 |j 100/1  |a Alexander, Charles Wesley,  |d 1837-1927. 
999 |a MARS 
999 f f |s 122f37f5-dbf3-3ddd-a861-50a4eb4a3f0b  |i b85ad782-a97b-3d27-b459-f68bf393c741  |t 0 
952 f f |p default  |a Texas A&M University  |b College Station  |c Sterling C. Evans Library  |d Evans: Microforms (3rd floor)  |t 0  |e film B 1551 v.2 reel A-7 no.46  |h Other scheme  |i microform -- microfilm reel 
998 f f |a film B 1551 v.2 reel A-7 no.46  |t 0  |l Evans: Microforms (3rd floor)